000 00975nmm a2200289 a 4500
001 ocm0001221756
003 TR-IsHL
005 20201028155049.0
008 110704s2003 tu tur
007 cr cn
035 _a1221756
_b(N$T)
050 0 4 _aBF1999
_b.D36 2003
090 0 4 _aBF1999
_b.D36 2003
100 1 _aDenning, Melita
245 1 0 _aRuhsal koruma teknikleri
_h[electronic resource] /
_cMelita Denning ; Philips Osborne; çev. Yeşim Şallı
250 _a1. bs.
260 _aİstanbul :
_bSınırötesi Yayınları,
_c2003
300 _a223 p.
650 4 _aFelsefe, Psikoloji ve Din
650 4 _aPhilosophy, Psychology and Religion
650 0 _aRuhsal korunma yöntemleri
650 0 _aMental protection methods
650 7 _aBODY, MIND & SPIRIT / Occultism
_2bisacsh
700 1 _aOsborne, Philips
700 1 _aŞallı, Yeşim
856 4 0 _uhttp://search.ebscohost.com/login.aspx?direct=true&scope=site&db=e011xww&AN=1221756
999 _c12896
_d12896